|
|
|
|
| LEADER |
00000csc a2200000 a 4500 |
| 001 |
50145 |
| 005 |
20230308210952.0 |
| 008 |
952071|1926 ||||||||r|||||||||||spa|| |
| 040 |
|
|
|b spa
|
| 041 |
1 |
|
|a fre
|
| 082 |
0 |
|
|a 193.04
|
| 100 |
1 |
|
|a Boutroux, Emile
|9 29878
|
| 245 |
|
|
|a La philosophie de Kant
|c Emile Boutroux
|h imp
|
| 264 |
|
|
|a París
|b Librairie Philosophique J. Vrin
|c 1926
|
| 300 |
|
|
|a 374 páginas:
|c 25 cm
|
| 490 |
|
|
|a Bibliotheque d´histoire de la philosophie
|
| 650 |
|
|
|a Kant
|9 1528
|
| 650 |
|
|
|a Moral
|
| 650 |
|
|
|a Dialectica
|
| 852 |
|
|
|a UC-CDJBV
|c ESTANTERIA CERRADA
|f Compra
|k lucia.mora
|l 1
|m General
|p 19520718
|q 33,60
|r 2
|t 50145
|b 0
|d CDRC
|e CDRC
|g 193.04 ESTANTERIA CERRADA
|z 1952-20-71
|
| 942 |
|
|
|
| 999 |
|
|
|c 117149
|d 117149
|